01426cam a22002291 45000010005000000030006000050050017000110080041000280100017000690350019000860400022001050500018001270820011001451000017001562450078001732500022002512600034002733000043003075200777003506500032011277000037011593357FISKH20240229104603.0750630s1959 xx 000 0 eng  a 59012015  a(OCoLC)1420597 aDLCcFOdDLCbeng00aPZ7.K5754bTo a823.911 aKing, Clive.14aThe town that went south /cClive King ; illustrated by Maurice Bartlett. aThis edition 1970 aNew York :bMacmillan,c1959. a122 pages : billustrations ; c20 cm  aThis brilliantly original and humorous book from the author of Stig of the Dump tells of how the whole town of Ramsly became adrift in the Channel. It was Gargoyle, the Rectory cat, who first noticed that something very odd was happening in the town of Ramsly... The Railway Station was awash, and Gargoyle's favorite hunting grounds outside the town seemed to somehow become submerged in swirling, choppy, salty water. Then, one by one, as the people of Ramsly woke up, it was discovered that their town had come adrift from the rest of England... they were all floating gently across the Channel into France! But their journey has only begun--Ramsly continues floating south, to Africa and the South Seas, to Australia and farther south to the coldest land in the world. aFantasyvChildren's Fiction aBartlett, Maurice eillustrator